LEADER 01219nam0 22003011i 450 001 UON00433341 005 20231205104917.192 010 $a88-7802-117-2 100 $a20131121d1990 |0itac50 ba 101 $aita 102 $aIT 105 $a|||| ||||| 200 1 $aProlegomani all'antologia dell'essere sociale$equestioni di principio di un'ontologia oggi divenuta possibile$fGyorgy Lukàs$gintroduzione di Nicolas Tertulian 210 $aMilano$cGuerini e associati$d1990 215 $a XXIX, 353 p.$d20 cm. 606 $aOntologia$3UONC042267$2FI 620 $aIT$dMilano$3UONL000005 676 $a111$cONTOLOGIA$v20 700 1$aLukàcs$bGyörgy$3UONV112594$00 702 1$aTERTULIAN$bNicolas$3UONV219200 712 $aGuerini e Associati$3UONV249795$4650 790 1$aLUKACS, Georg$zLukàcs, György$3UONV227144 801 $aIT$bSOL$c20250530$gRICA 899 $aSIBA - SISTEMA BIBLIOTECARIO DI ATENEO$2UONSI 912 $aUON00433341 950 $aSIBA - SISTEMA BIBLIOTECARIO DI ATENEO$dSI TEORIA POL0459 $eSI FP 5756 5 996 $aProlegomani all'antologia dell'essere sociale$91335869 997 $aUNIOR